[Event "22nd EUR-ch (w)"]
[Site "Prague CZE"]
[Date "2022.08.28"]
[Round "8.41"]
[White "Sandu, Mihaela"]
[Black "Vanduyfhuys, Daria"]
[Result "0-1"]
[WhiteElo "2297"]
[BlackElo "2054"]
[EventDate "2022.08.20"]
[PlyCount "80"]

1.e4 c5 2.Nf3 d6 3.d4 cxd4 4.Nxd4 Nf6 5.Nc3 a6 6.Be3 e5 7.Nf3 h6 8.Bc4 Be7
9.O-O O-O 10.Qe2 b5 11.Bb3 Bb7 12.Rfd1 Nbd7 13.a4 b4 14.Nd5 Nxd5 15.Bxd5 
Bxd5 16.Rxd5 Nf6 17.Rdd1 Qc7 18.Nh4 Rfc8 19.Nf5 Bf8 20.Qf3 Qd8 21.Qg3 g6 
22.Nxh6+ Bxh6 23.Bxh6 Nxe4 24.Qb3 a5 25.f3 Rc3 26.bxc3 Qb6+ 27.Rd4 Nxc3 
28.Be3 exd4 29.Bf2 Qc5 30.Re1 d5 31.Qb2 Qc4 32.Kh1 Nxa4 33.Qc1 d3 34.Bg3 
Qxc2 35.Qg5 d2 36.Rg1 d1=Q 37.h4 Rc8 38.Qf6 Qxg1+ 39.Kxg1 Qf5 40.Qa6 b3 
0-1

[Event "22nd EUR-ch (w)"]
[Site "Prague CZE"]
[Date "2022.08.28"]
[Round "8.42"]
[White "Movsesian, Julia"]
[Black "Schloffer, Jasmin-Denise"]
[Result "1-0"]
[WhiteElo "2291"]
[BlackElo "2127"]
[EventDate "2022.08.20"]
[PlyCount "69"]

1.e4 e5 2.Nf3 Nc6 3.Bb5 a6 4.Ba4 Nf6 5.O-O Be7 6.d3 b5 7.Bb3 d6 8.c3 O-O 
9.a4 Bd7 10.Bc2 b4 11.a5 g6 12.Nbd2 Nh5 13.Nc4 Bf6 14.Be3 Bg7 15.d4 bxc3 
16.bxc3 exd4 17.cxd4 Nb4 18.Ba4 d5 19.Nce5 Bxa4 20.Qxa4 dxe4 21.Qxb4 exf3 
22.Nxf3 Nf6 23.Qc4 Nd5 24.Bc1 Qd7 25.Rb1 Qf5 26.Bd2 Rfd8 27.Rfe1 Qg4 28.h3
Qf5 29.Rb3 Nf4 30.Qxc7 Ne6 31.Qb7 Nxd4 32.Nxd4 Bxd4 33.Rf3 Qd5 34.Re8+ Kg7
35.Qxd5 1-0

[Event "22nd EUR-ch (w)"]
[Site "Prague CZE"]
[Date "2022.08.28"]
[Round "8.43"]
[White "Tsirulnik, Maritsa"]
[Black "Paramzina, Anastasya"]
[Result "0-1"]
[WhiteElo "2089"]
[BlackElo "2216"]
[EventDate "2022.08.20"]
[PlyCount "78"]

1.d4 Nf6 2.c4 g6 3.Nc3 d5 4.cxd5 Nxd5 5.Bd2 Bg7 6.e4 Nxc3 7.Bxc3 O-O 8.Nf3
c5 9.d5 Bxc3+ 10.bxc3 Bg4 11.Be2 Nd7 12.O-O Bxf3 13.Bxf3 b5 14.a4 a6 15.
axb5 axb5 16.Qe2 Rxa1 17.Rxa1 Qb8 18.Qe3 b4 19.Rb1 Qe5 20.cxb4 cxb4 21.Bg4
Nf6 22.Be2 Rc8 23.f3 Rc3 24.Qb6 Rc2 25.Bf1 Rb2 26.f4 Qc3 27.Rxb2 Qxb2 28.
e5 Ne4 29.Qe3 Qc2 30.d6 exd6 31.exd6 Nxd6 32.Bd3 Qc3 33.Kf2 b3 34.Ke2 b2 
35.Qb6 Nc4 36.Qd8+ Kg7 37.g4 Qd2+ 38.Kf3 Qe3+ 39.Kg2 Qxf4 0-1

[Event "22nd EUR-ch (w)"]
[Site "Prague CZE"]
[Date "2022.08.28"]
[Round "8.44"]
[White "Richtrova, Eliska"]
[Black "Pipiras, Filipa Fortuna"]
[Result "1/2-1/2"]
[WhiteElo "2204"]
[BlackElo "2135"]
[EventDate "2022.08.20"]
[PlyCount "142"]

1.Nf3 d5 2.g3 c6 3.Bg2 Bg4 4.d4 Nf6 5.c3 e6 6.Qb3 Qb6 7.Ne5 Bh5 8.Nd2 Bd6 
9.Ndf3 O-O 10.Bf4 Ne4 11.g4 Bxg4 12.e3 Bh5 13.Nd3 Bxf4 14.Nxf4 Bxf3 15.
Bxf3 Qxb3 16.axb3 Nd6 17.Rg1 Nd7 18.Nd3 f6 19.Bg4 Rfe8 20.h4 Kf7 21.Ke2 g6
22.h5 g5 23.h6 Rg8 24.f4 Ke7 25.Bf3 a6 26.Rg2 gxf4 27.Rag1 Rxg2+ 28.Rxg2 
Nf5 29.Nxf4 e5 30.e4 Nxh6 31.Rg7+ Kd6 32.Rxh7 exf4 33.Rxh6 Re8 34.Kd3 
dxe4+ 35.Bxe4 Re7 36.c4 b6 37.Rh4 c5 38.Rxf4 cxd4 39.Kxd4 Rg7 40.b4 Rg5 
41.Bf5 Rg2 42.Bxd7 Kxd7 43.Rxf6 Kc7 44.Kc3 Rg3+ 45.Kc2 Rg2+ 46.Kb3 Rg3+ 
47.Ka2 Rg4 48.Kb3 Rg3+ 49.Ka4 Rg4 50.Rf7+ Kc6 51.Rf6+ Kb7 52.b3 b5+ 53.Ka5
bxc4 54.Rb6+ Kc7 55.bxc4 Rxc4 56.Kxa6 Rh4 57.Ka7 Rg4 58.Rb5 Kc6 59.Ka6 Kc7
60.Rb7+ Kc8 61.b5 Ra4+ 62.Kb6 Rh4 63.Rg7 Rb4 64.Rg8+ Kd7 65.Ka6 Kc7 66.
Rg7+ Kb8 67.Kb6 Kc8 68.Rg8+ Kd7 69.Kc5 Rb1 70.b6 Rb2 71.Ra8 Rb1 1/2-1/2

[Event "22nd EUR-ch (w)"]
[Site "Prague CZE"]
[Date "2022.08.28"]
[Round "8.45"]
[White "Svobodova, Michaela"]
[Black "Terbe, Zsuzsanna"]
[Result "0-1"]
[WhiteElo "1943"]
[BlackElo "2196"]
[EventDate "2022.08.20"]
[PlyCount "108"]

1.e4 c5 2.Nf3 Nc6 3.Bb5 g6 4.O-O Bg7 5.Re1 Nf6 6.e5 Nd5 7.Nc3 Nc7 8.Bxc6 
dxc6 9.h3 O-O 10.d3 Ne6 11.a4 b6 12.Be3 Qc7 13.Qd2 Rd8 14.Bh6 Nd4 15.Nxd4 
cxd4 16.Bxg7 Kxg7 17.Nb1 Be6 18.Qf4 c5 19.b3 Bd5 20.Nd2 Qc6 21.Ne4 Re8 22.
f3 h6 23.h4 Qe6 24.Nf2 Rh8 25.Ng4 Qd7 26.Nf2 Be6 27.Ne4 Bf5 28.Ng3 Be6 29.
Ne4 Rad8 30.a5 Ra8 31.Ra3 Qc6 32.axb6 axb6 33.Rea1 Rxa3 34.Rxa3 Ra8 35.Qc1
Rxa3 36.Qxa3 Qc7 37.Qa6 Bd5 38.Qb5 Bc6 39.Qa6 Bxe4 40.fxe4 Qb8 41.Qb5 Qc7 
42.Qa6 g5 43.h5 Qxe5 44.Qxb6 g4 45.b4 cxb4 46.Qxb4 g3 47.Qe1 e6 48.Qe2 Qf4
49.Qd1 e5 50.Qf1 Qe3+ 51.Kh1 Qg5 52.Kg1 Qxh5 53.Qf3 Qxf3 54.gxf3 h5 0-1

[Event "22nd EUR-ch (w)"]
[Site "Prague CZE"]
[Date "2022.08.28"]
[Round "8.46"]
[White "Polterauer, Chiara"]
[Black "Lhotska, Anna"]
[Result "0-1"]
[WhiteElo "2183"]
[BlackElo "2081"]
[EventDate "2022.08.20"]
[PlyCount "68"]

1.e4 c5 2.Nf3 e6 3.d4 cxd4 4.Nxd4 Nf6 5.Bd3 Nc6 6.Nf3 d5 7.exd5 Nxd5 8.O-O
Be7 9.a3 O-O 10.c4 Nb6 11.Nc3 Nd7 12.Qc2 f5 13.Re1 Nc5 14.Bf1 e5 15.Nxe5 
Nd4 16.Qd1 Ndb3 17.Qxd8 Bxd8 18.Ra2 f4 19.Nd3 Ne6 20.Nd5 g5 21.Rd1 Ned4 
22.Bd2 Bg4 23.f3 Bxf3 24.gxf3 Nxf3+ 25.Kf2 Nfxd2 26.Nc1 g4 27.Nxb3 Bh4+ 
28.Kg1 Nxb3 29.Bd3 Rae8 30.Bc2 Nd4 31.Bd3 f3 32.Bf1 Nb3 33.a4 Re1 34.Rxe1 
f2+ 0-1

[Event "22nd EUR-ch (w)"]
[Site "Prague CZE"]
[Date "2022.08.28"]
[Round "8.47"]
[White "Folkova, Martina"]
[Black "Sedina, Elena"]
[Result "1/2-1/2"]
[WhiteElo "1991"]
[BlackElo "2213"]
[EventDate "2022.08.20"]
[PlyCount "33"]

1.e4 e6 2.d4 d5 3.Nd2 c5 4.Ngf3 Nc6 5.Bb5 a6 6.exd5 axb5 7.dxc6 bxc6 8.c3 
cxd4 9.cxd4 c5 10.dxc5 Bxc5 11.Qe2 Ba6 12.Qe5 Bf8 13.O-O Nf6 14.Ne4 Nxe4 
15.Qxe4 Rc8 16.Bg5 Qb6 17.Be3 1/2-1/2

[Event "22nd EUR-ch (w)"]
[Site "Prague CZE"]
[Date "2022.08.28"]
[Round "8.48"]
[White "Grineva, Marianna"]
[Black "Kucharska, Honorata"]
[Result "1-0"]
[WhiteElo "2006"]
[BlackElo "2193"]
[EventDate "2022.08.20"]
[PlyCount "83"]

1.e4 e5 2.Nf3 Nc6 3.Bb5 a6 4.Ba4 Nf6 5.Qe2 b5 6.Bb3 Bc5 7.c3 O-O 8.O-O h6 
9.Nxe5 Nxe5 10.d4 d6 11.dxc5 dxc5 12.Rd1 Qe7 13.f3 c4 14.Bc2 Bb7 15.Be3 
Nfd7 16.Nd2 Nc5 17.b3 Ncd3 18.Rdb1 f5 19.bxc4 fxe4 20.fxe4 Nf4 21.Bxf4 
Rxf4 22.Qe3 Raf8 23.Rf1 Ng4 24.Qd4 c5 25.Qd3 Qe5 26.Qg3 b4 27.Rxf4 Rxf4 
28.h3 Qxc3 29.Qxc3 bxc3 30.Nf1 Ne5 31.Re1 Kf8 32.Re3 Nxc4 33.Rxc3 Nd6 34.
Nd2 g5 35.e5 Nb5 36.Rxc5 g4 37.Nf1 gxh3 38.gxh3 Nd4 39.Bd1 Ne6 40.Rc3 Rd4 
41.Bg4 Rd2 42.Nxd2 1-0

[Event "22nd EUR-ch (w)"]
[Site "Prague CZE"]
[Date "2022.08.28"]
[Round "8.49"]
[White "Levitan, Ronit"]
[Black "Froewis, Annika"]
[Result "0-1"]
[WhiteElo "2158"]
[BlackElo "2044"]
[EventDate "2022.08.20"]
[PlyCount "94"]

1.e4 e5 2.Nf3 Nc6 3.Bc4 Bc5 4.c3 Nf6 5.d3 d6 6.Nbd2 O-O 7.Bb3 a5 8.h3 Be6 
9.Nf1 d5 10.Qe2 a4 11.Bc2 d4 12.g4 b5 13.Ng3 dxc3 14.bxc3 b4 15.c4 Bd4 16.
Rb1 b3 17.axb3 a3 18.Nxd4 a2 19.Nxc6 axb1=Q 20.Bxb1 Qd6 21.Nxe5 Qxe5 22.
Bb2 Qf4 23.O-O Qh6 24.Kg2 Qh4 25.f3 Rfb8 26.Qc2 Ra6 27.d4 Rab6 28.Ba2 Bd7 
29.d5 h5 30.Rh1 Qg5 31.Bd4 Ra6 32.c5 Qg6 33.c6 Bc8 34.Qd2 hxg4 35.hxg4 
Bxg4 36.fxg4 Nxe4 37.Qe2 Rxa2 38.Qxa2 Nxg3 39.Kxg3 Qd3+ 40.Kg2 Qxd4 41.Qa5
Qxg4+ 42.Kf2 Qd4+ 43.Kg2 Qb2+ 44.Kg1 Qxb3 45.Qe1 Qd3 46.Qe5 Rb1+ 47.Kg2 
Qg6+ 0-1

[Event "22nd EUR-ch (w)"]
[Site "Prague CZE"]
[Date "2022.08.28"]
[Round "8.50"]
[White "Utiatskaya, Irina"]
[Black "Orian, Noga"]
[Result "1/2-1/2"]
[WhiteElo "2154"]
[BlackElo "1855"]
[EventDate "2022.08.20"]
[PlyCount "56"]

1.e4 c5 2.Nf3 d6 3.d4 cxd4 4.Nxd4 Nf6 5.Nc3 a6 6.Bg5 e6 7.f4 h6 8.Bxf6 
Qxf6 9.Qd2 Nc6 10.Nxc6 bxc6 11.O-O-O Qd8 12.Bc4 Be7 13.Kb1 d5 14.Bb3 O-O 
15.g4 Rb8 16.h4 Qc7 17.exd5 cxd5 18.f5 Bf6 19.Rh3 Qe5 20.g5 Qxf5 21.gxf6 
Qxh3 22.Rg1 Qxh4 23.Rxg7+ Kh8 24.Qd3 Qe1+ 25.Nd1 Qe4 26.Qd2 Qh4 27.Qd3 Qe4
28.Qd2 Qh4 1/2-1/2

[Event "22nd EUR-ch (w)"]
[Site "Prague CZE"]
[Date "2022.08.28"]
[Round "8.51"]
[White "Ibrahimova, Sabina"]
[Black "Tashkinova, Sofiia"]
[Result "1/2-1/2"]
[WhiteElo "2146"]
[BlackElo "2011"]
[EventDate "2022.08.20"]
[PlyCount "100"]

1.e4 e6 2.d4 d5 3.Nc3 Nf6 4.e5 Nfd7 5.f4 c5 6.Nf3 Nc6 7.Be3 Be7 8.Qd2 a6 
9.dxc5 Bxc5 10.Bxc5 Nxc5 11.O-O-O b5 12.Nd4 Bd7 13.h4 Rc8 14.Rh3 b4 15.
Nce2 Ne4 16.Qe1 Qb6 17.g4 Na5 18.Bg2 Nc5 19.Kb1 Nc4 20.f5 Qc7 21.Nf4 Qxe5 
22.Qxe5 Nxe5 23.Re1 Nxg4 24.Rg3 Nf6 25.fxe6 fxe6 26.Rxg7 Kf8 27.Rg5 Kf7 
28.Rf1 h6 29.Re5 Rhg8 30.Bxd5 exd5 31.Nxd5 Rce8 32.Rxe8 Rxe8 33.Nxf6 Bh3 
34.Nxe8+ Bxf1 35.Nd6+ Kf6 36.c3 bxc3 37.bxc3 h5 38.Ne8+ Ke5 39.Kc1 Bc4 40.
Ng7 Bf7 41.Ngf5 Bxa2 42.Kb2 Bf7 43.Ka3 Nd3 44.Ka4 Nc5+ 45.Kb4 Ne4 46.Ng7 
Ng3 47.Nc6+ Kf6 48.Nxh5+ Bxh5 49.Nb8 Be2 50.c4 Nf5 1/2-1/2

[Event "22nd EUR-ch (w)"]
[Site "Prague CZE"]
[Date "2022.08.28"]
[Round "8.52"]
[White "Acarbay, Algi"]
[Black "Petrova, Irina"]
[Result "0-1"]
[WhiteElo "1951"]
[BlackElo "2127"]
[EventDate "2022.08.20"]
[PlyCount "118"]

1.e4 c5 2.Nf3 Nc6 3.Bb5 g6 4.Bxc6 dxc6 5.d3 Bg7 6.h3 Nf6 7.Nc3 Nd7 8.Be3 
e5 9.O-O b6 10.Nh2 Nf8 11.f4 exf4 12.Bxf4 Ne6 13.Bg3 Nd4 14.Qd2 O-O 15.e5 
Nf5 16.Bf4 Qd4+ 17.Rf2 Bxe5 18.Bxe5 Qxe5 19.Re1 Qg7 20.g4 Nd4 21.Re7 Be6 
22.Ne4 Rad8 23.c3 Nb5 24.Nf6+ Kh8 25.Qe3 Nd6 26.Rxa7 Ne8 27.Ne4 Rd7 28.
Rxd7 Bxd7 29.g5 Bf5 30.Kg2 Nc7 31.Nf6 Nd5 32.Nxd5 cxd5 33.Nf3 f6 34.Kh2 
Qc7+ 35.Kg2 Qd7 36.h4 Re8 37.Qf4 fxg5 38.Nxg5 Qe7 39.d4 Rf8 40.Kh2 Kg7 41.
Kg3 Rf6 42.Qe5 Qxe5+ 43.dxe5 Rf8 44.Rd2 h6 45.Nh3 Bxh3 46.Kxh3 Rd8 47.Kg4 
Kf7 48.h5 gxh5+ 49.Kf5 Ke7 50.e6 Rg8 51.Rh2 Rg5+ 52.Kf4 Kxe6 53.Re2+ Kd6 
54.Rd2 Rg4+ 55.Kf5 d4 56.cxd4 cxd4 57.Rd3 Kd5 58.b3 Rg8 59.Kf4 Rf8+ 0-1

[Event "22nd EUR-ch (w)"]
[Site "Prague CZE"]
[Date "2022.08.28"]
[Round "8.53"]
[White "Hrebenshchykova, Yelyzaveta"]
[Black "Dvorakova, Olga"]
[Result "1-0"]
[WhiteElo "2123"]
[BlackElo "1921"]
[EventDate "2022.08.20"]
[PlyCount "101"]

1.e4 c6 2.Nc3 d5 3.Nf3 Nf6 4.e5 Ne4 5.h3 Qb6 6.d4 Qb4 7.a3 Qa5 8.b4 Nxc3 
9.Qd3 Qa4 10.Qxc3 Bf5 11.Ra2 e6 12.Bd2 Na6 13.Qb2 Nc7 14.Be2 Be7 15.Bd1 
Qa6 16.a4 b6 17.Be2 Qc8 18.O-O O-O 19.a5 c5 20.dxc5 bxc5 21.bxc5 Bxc5 22.
Qc3 Ne8 23.Nd4 Bg6 24.Rb1 f6 25.Rb5 Bxd4 26.Qxd4 fxe5 27.Qxe5 Rf5 28.Qd4 
Nd6 29.Rc5 Qf8 30.Bd3 Ne4 31.Bxe4 dxe4 32.Rxf5 exf5 33.Bf4 Qd8 34.Qe5 Qe8 
35.Rb2 Qxe5 36.Bxe5 Re8 37.Bd4 a6 38.g3 Rd8 39.c3 Be8 40.Rb7 Rd7 41.Rb6 
Ra7 42.Rb8 Re7 43.Ra8 Re6 44.Bb6 Kf8 45.Rxa6 Rc6 46.Ra8 Rxc3 47.a6 Kf7 48.
a7 Rc1+ 49.Kh2 e3 50.Rxe8 exf2 51.Bxf2 1-0

[Event "22nd EUR-ch (w)"]
[Site "Prague CZE"]
[Date "2022.08.28"]
[Round "8.54"]
[White "Markova, Karolina"]
[Black "Sankova, Stella"]
[Result "0-1"]
[WhiteElo "1635"]
[BlackElo "2067"]
[EventDate "2022.08.20"]
[PlyCount "74"]

1.e4 c5 2.Nc3 Nc6 3.g3 g6 4.Bg2 Bg7 5.d3 d6 6.f4 e6 7.Nf3 Nge7 8.O-O O-O 
9.g4 f5 10.exf5 exf5 11.g5 d5 12.Ne2 d4 13.c4 dxc3 14.bxc3 Nd5 15.d4 cxd4 
16.cxd4 Be6 17.Rb1 b6 18.Ne5 Rc8 19.Qa4 Nce7 20.Bd2 Qd6 21.Rfc1 a6 22.Rxc8
Bxc8 23.Bb4 Nxb4 24.Rxb4 b5 25.Qb3+ Be6 26.Qb1 Nd5 27.Bxd5 Bxd5 28.a4 Bxe5
29.fxe5 Qe7 30.h4 f4 31.Nc3 Bc4 32.Rb2 Qd7 33.Qd1 Qh3 34.Qe1 f3 35.Ne4 
Qg4+ 36.Ng3 f2+ 37.Rxf2 Qxg3+ 0-1

[Event "22nd EUR-ch (w)"]
[Site "Prague CZE"]
[Date "2022.08.28"]
[Round "8.55"]
[White "Richterova, Natasa"]
[Black "Kochavi, Dana"]
[Result "1-0"]
[WhiteElo "2215"]
[BlackElo "1894"]
[EventDate "2022.08.20"]
[PlyCount "69"]

1.e4 c6 2.Nf3 d5 3.d3 Bg4 4.h3 Bh5 5.Qe2 e6 6.g4 Bg6 7.h4 dxe4 8.dxe4 h5 
9.g5 Nd7 10.Nbd2 Qc7 11.Nb3 Bd6 12.Bd2 Ne7 13.O-O-O O-O-O 14.Bc3 e5 15.Bh3
Kb8 16.Rxd6 Qxd6 17.Rd1 Qc7 18.Bxd7 f6 19.Nc5 Bf7 20.Be6 Nc8 21.Bxf7 Qxf7 
22.gxf6 gxf6 23.Nxe5 fxe5 24.Bxe5+ Ka8 25.Bxh8 Rxh8 26.Kb1 Qe7 27.Qe3 Qxh4
28.f4 Qg4 29.Rg1 Qh4 30.a3 Qe7 31.Qc3 Rf8 32.f5 a6 33.Ne6 Rf7 34.Rg8 Qd7 
35.Rd8 1-0

[Event "22nd EUR-ch (w)"]
[Site "Prague CZE"]
[Date "2022.08.28"]
[Round "8.56"]
[White "Dwilewicz, Katarzyna"]
[Black "Trasakova, Adela"]
[Result "1-0"]
[WhiteElo "2131"]
[BlackElo "1862"]
[EventDate "2022.08.20"]
[PlyCount "89"]

1.e4 c6 2.d4 d5 3.Nc3 dxe4 4.Nxe4 Bf5 5.Ng3 Bg6 6.N1e2 e6 7.h4 h6 8.Nf4 
Bh7 9.c3 Nf6 10.Bd3 Bxd3 11.Qxd3 Nbd7 12.Bd2 Qc7 13.O-O-O O-O-O 14.Rhe1 
Bd6 15.Qf3 Nb6 16.Kb1 Nc4 17.Bc1 Qb6 18.Ka1 Rd7 19.Qe2 Bxf4 20.Bxf4 Nd6 
21.c4 c5 22.Qe5 Qc7 23.dxc5 Nde8 24.Qxc7+ Nxc7 25.Rxd7 Kxd7 26.Rd1+ Kc8 
27.b4 Rd8 28.Rxd8+ Kxd8 29.f3 a6 30.Be5 Nfe8 31.Kb2 f6 32.Bd6 b5 33.cxb6 
Nxd6 34.bxc7+ Kxc7 35.Kc3 g5 36.hxg5 fxg5 37.Kd4 Kc6 38.a4 e5+ 39.Kd3 a5 
40.b5+ Kb6 41.Ne4 Nb7 42.g4 Nd8 43.c5+ Kc7 44.Kc4 Nf7 45.Kd5 1-0

[Event "22nd EUR-ch (w)"]
[Site "Prague CZE"]
[Date "2022.08.28"]
[Round "8.57"]
[White "Bashylina, Luisa"]
[Black "Koubova, Anna Marie"]
[Result "1-0"]
[WhiteElo "2018"]
[BlackElo "2122"]
[EventDate "2022.08.20"]
[PlyCount "69"]

1.d4 Nf6 2.c4 b6 3.Nc3 Bb7 4.d5 e6 5.a3 g6 6.g3 Bg7 7.Bg2 O-O 8.e4 d6 9.
Nge2 Nbd7 10.O-O Qe7 11.dxe6 Nc5 12.Nd5 Nxd5 13.exf7+ Rxf7 14.exd5 Ba6 15.
Qc2 b5 16.Be3 Re8 17.Nf4 bxc4 18.Bxc5 dxc5 19.Qa4 Rf6 20.Ne6 Bc8 21.Qxc4 
Bxe6 22.dxe6 Kh8 23.Bh3 Rf3 24.Bg4 Rff8 25.Rad1 h5 26.Bh3 Bd4 27.b4 Qf6 
28.Rd2 Rd8 29.bxc5 Bxc5 30.Rxd8 Bxf2+ 31.Kh1 Qxd8 32.Qe2 Bc5 33.Qe5+ Kh7 
34.Qxc5 Qa8+ 35.Kg1 1-0

[Event "22nd EUR-ch (w)"]
[Site "Prague CZE"]
[Date "2022.08.28"]
[Round "8.58"]
[White "Hnatyshyn, Anastasiia"]
[Black "Tsotsonava, Elene"]
[Result "0-1"]
[WhiteElo "2061"]
[BlackElo "1858"]
[EventDate "2022.08.20"]
[PlyCount "162"]

1.e4 e5 2.Nf3 Nc6 3.d4 exd4 4.c3 d5 5.exd5 Qxd5 6.cxd4 Nf6 7.Be2 Be7 8.O-O
O-O 9.Nc3 Qd8 10.h3 Be6 11.Bf4 h6 12.Rc1 Nb4 13.a3 Nbd5 14.Nxd5 Nxd5 15.
Bg3 c6 16.Bd3 Qb6 17.Ne5 Bf6 18.Bb1 Ne7 19.Qc2 Bf5 20.Qc3 Rad8 21.Rfd1 
Bxb1 22.Rxb1 Nf5 23.Nc4 Qb5 24.Be5 Bg5 25.b3 Qd5 26.a4 f6 27.Bg3 Nxd4 28.
Kh2 f5 29.Be5 Bf6 30.Bxf6 Rxf6 31.Ne3 Qe5+ 32.Kh1 Qe4 33.Qd3 Qxd3 34.Rxd3 
Rfd6 35.Rbd1 f4 36.Nc4 Rd5 37.Rb1 Nf5 38.Rxd5 Rxd5 39.Re1 b5 40.axb5 cxb5 
41.Ne5 a5 42.Ng6 Rd3 43.Ra1 Rxb3 44.Rxa5 Rb4 45.Ra7 Re4 46.f3 Rd4 47.Ne7+ 
Nxe7 48.Rxe7 b4 49.Rb7 Rd1+ 50.Kh2 Rb1 51.h4 b3 52.h5 b2 53.Rb4 g5 54.hxg6
Kg7 55.Rb7+ Kxg6 56.Rb6+ Kf7 57.Rb4 Ke6 58.Rb5 h5 59.Rb8 h4 60.Rb5 Kd6 61.
Rb8 Kc5 62.Rb7 Kc4 63.Rb8 Kc3 64.Rc8+ Kd3 65.Rb8 Ke3 66.Rb3+ Kf2 67.Rb4 h3
68.gxh3 Kxf3 69.Rb8 Ke2 70.Re8+ Kf2 71.Rb8 f3 72.h4 Ke3 73.Re8+ Kf2 74.Rb8
Kf1 75.h5 f2 76.h6 Ke2 77.Re8+ Kd3 78.Rd8+ Ke4 79.Re8+ Kd5 80.Rd8+ Ke6 81.
Re8+ Kd7 0-1

[Event "22nd EUR-ch (w)"]
[Site "Prague CZE"]
[Date "2022.08.28"]
[Round "8.59"]
[White "Head, Louise"]
[Black "Soares, Sara Joana de Moura pe"]
[Result "1-0"]
[WhiteElo "2024"]
[BlackElo "1648"]
[EventDate "2022.08.20"]
[PlyCount "57"]

1.d4 d5 2.c4 e6 3.Nf3 Nf6 4.Nc3 Be7 5.Bf4 O-O 6.e3 b6 7.Bd3 Bb7 8.cxd5 
Nxd5 9.Nxd5 Bxd5 10.Qc2 h6 11.Qxc7 Bb4+ 12.Ke2 Qe8 13.a3 Be7 14.Bd6 Bxd6 
15.Qxd6 Nc6 16.Rac1 Rd8 17.Qf4 f6 18.e4 Bb3 19.Qe3 Na5 20.Rc7 Rf7 21.Rhc1 
Re7 22.Rxe7 Qxe7 23.Rc3 Ba4 24.Qc1 Nb3 25.Qe3 Qd6 26.Bc4 Na5 27.Qd3 Nxc4 
28.Qxc4 Rd7 29.Qxa4 1-0

[Event "22nd EUR-ch (w)"]
[Site "Prague CZE"]
[Date "2022.08.28"]
[Round "8.60"]
[White "Katter, Katharina"]
[Black "Kordzadze, Nino"]
[Result "0-1"]
[WhiteElo "1960"]
[BlackElo "1993"]
[EventDate "2022.08.20"]
[PlyCount "120"]

1.d4 Nf6 2.Nf3 g6 3.g3 Bg7 4.Bg2 d6 5.O-O O-O 6.Re1 Ne4 7.c4 c5 8.Qc2 f5 
9.Nbd2 cxd4 10.Nxe4 fxe4 11.Qxe4 Nc6 12.Ng5 Rf6 13.Qh4 h6 14.Ne4 Rf5 15.g4
g5 16.Qg3 Re5 17.f4 gxf4 18.Bxf4 Re6 19.g5 Rg6 20.Qh4 Bf5 21.Ng3 e6 22.
Nxf5 exf5 23.Bd5+ Kf8 24.Qh5 Rxg5+ 25.Bxg5 Qxg5+ 26.Qxg5 hxg5 27.Rf1 f4 
28.h4 Bf6 29.hxg5 Bxg5 30.Rad1 Ne5 31.Rxd4 Ke7 32.Bg2 f3 33.Rd5 fxg2 34.
Kxg2 Rg8 35.Rh1 Nxc4 36.Rh7+ Ke6 37.Rb5 Bf6+ 38.Kf3 Ne5+ 39.Ke3 Bg5+ 40.
Kd4 Nc6+ 41.Kd3 b6 42.Rc7 Ne5+ 43.Kc2 Be3 44.Rb3 Bc5 45.Kd2 a5 46.Rh3 Rg2 
47.Rh6+ Kd5 48.Rh5 b5 49.a3 a4 50.Rb7 Kc6 51.Rhh7 Nc4+ 52.Kd3 Rg3+ 53.Kc2 
Rb3 54.e4 Rxb2+ 55.Kc1 Be3+ 56.Kd1 Bb6 57.Kc1 Re2 58.Kd1 Rxe4 59.Kc1 Nxa3 
60.Kb2 Nc4+ 0-1

[Event "22nd EUR-ch (w)"]
[Site "Prague CZE"]
[Date "2022.08.28"]
[Round "8.61"]
[White "Pribylova, Sofie"]
[Black "Sevcikova, Lucia"]
[Result "0-1"]
[WhiteElo "1981"]
[BlackElo "2058"]
[EventDate "2022.08.20"]
[PlyCount "92"]

1.c4 e6 2.Nc3 d5 3.e3 Nf6 4.Nf3 c5 5.cxd5 exd5 6.d4 Nc6 7.Be2 Bf5 8.O-O 
Be7 9.b3 O-O 10.dxc5 Bxc5 11.Nb5 Ne4 12.Bb2 Rc8 13.Rc1 Bb6 14.Nbd4 Nxd4 
15.Nxd4 Bg6 16.Nf3 Rxc1 17.Qxc1 Qc8 18.Nh4 Qe6 19.Bd4 Bxd4 20.exd4 Rc8 21.
Qf4 Nc3 22.Bg4 Ne2+ 23.Bxe2 Qxe2 24.Nxg6 hxg6 25.a4 Qd3 26.Qg4 Rd8 27.Qh4 
f6 28.Qg4 Qxb3 29.Qe6+ Kh7 30.g3 Qxa4 31.Qh3+ Kg8 32.Qg4 Kf7 33.h4 Qd7 34.
Qf4 a5 35.Rc1 Rc8 36.Ra1 a4 37.Qf3 b5 38.h5 Qf5 39.hxg6+ Kxg6 40.Qe2 Rc2 
41.Qe8+ Kh7 42.Rf1 Rb2 43.Qe3 Qe4 44.Qc3 Rb3 45.Qc8 a3 46.Qh3+ Kg6 0-1

[Event "22nd EUR-ch (w)"]
[Site "Prague CZE"]
[Date "2022.08.29"]
[Round "9.1"]
[White "Fataliyeva, Ulviyya"]
[Black "Socko, Monika"]
[Result "1/2-1/2"]
[WhiteElo "2413"]
[BlackElo "2423"]
[EventDate "2022.08.20"]
[PlyCount "114"]

1.d4 Nf6 2.Bg5 d5 3.e3 e6 4.Nf3 Nbd7 5.c4 Be7 6.Nc3 O-O 7.Rc1 c6 8.Bd3 
dxc4 9.Bxc4 Nd5 10.Bxe7 Qxe7 11.e4 N5b6 12.Be2 e5 13.O-O Rd8 14.Qc2 exd4 
15.Nxd4 Nf6 16.Rcd1 Bd7 17.Rfe1 c5 18.Nb3 Bc6 19.Na5 Rxd1 20.Bxd1 Rc8 21.
e5 Nfd5 22.Nxc6 Rxc6 23.Nxd5 Nxd5 24.Qd2 Nb6 25.f4 Rc8 26.Qa5 Nd5 27.g3 b6
28.Qb5 Rd8 29.Bb3 Nc7 30.Qc6 Ne6 31.Bxe6 fxe6 32.Re2 g6 33.Kg2 Kf7 34.h4 
Rd4 35.h5 gxh5 36.f5 exf5 37.Qh6 Kg8 38.Qxh5 Qf7 39.Qf3 Qd5 40.Qxd5+ Rxd5 
41.Kf3 Kf7 42.e6+ Ke7 43.Kf4 h5 44.b3 b5 45.Re3 a5 46.a3 a4 47.b4 c4 48.
Kg5 Rd3 49.Re5 Rxg3+ 50.Kxf5 Rf3+ 51.Ke4 Rxa3 52.Rxb5 Rh3 53.Kd5 c3 54.
Rb7+ Ke8 55.Rb8+ Ke7 56.Rb7+ Ke8 57.Rb8+ Ke7 1/2-1/2

[Event "22nd EUR-ch (w)"]
[Site "Prague CZE"]
[Date "2022.08.29"]
[Round "9.2"]
[White "Mammadzada, Gunay"]
[Black "Gevorgian, Maria"]
[Result "1-0"]
[WhiteElo "2466"]
[BlackElo "2216"]
[EventDate "2022.08.20"]
[PlyCount "89"]

1.d4 d5 2.c4 c6 3.Nf3 Nf6 4.Qb3 e6 5.Bg5 Be7 6.Nc3 Nbd7 7.e3 h6 8.Bh4 g5 
9.Bg3 Nh5 10.Be2 Nxg3 11.hxg3 Qb6 12.Qc2 Qa5 13.O-O-O dxc4 14.Bxc4 b5 15.
Bb3 Bb7 16.e4 g4 17.Nh4 c5 18.d5 e5 19.Qe2 c4 20.Bc2 b4 21.Na4 Bg5+ 22.Kb1
Ba6 23.Qxg4 Bb5 24.Nf5 Bxa4 25.b3 cxb3 26.axb3 Bb5 27.Nd6+ Ke7 28.Nf5+ Ke8
29.Nd6+ Kf8 30.Qf5 Bf6 31.f4 Ke7 32.Nxb5 Qxb5 33.d6+ Kd8 34.Rd5 Qe2 35.Bd3
Qe3 36.Rc1 Rc8 37.Rc7 Qe1+ 38.Kc2 Qf2+ 39.Kd1 Qg1+ 40.Kd2 Qf2+ 41.Be2 Rxc7
42.dxc7+ Ke7 43.Rxd7+ Kf8 44.c8=Q+ Kg7 45.Qxh8+ 1-0

[Event "22nd EUR-ch (w)"]
[Site "Prague CZE"]
[Date "2022.08.29"]
[Round "9.3"]
[White "Mkrtchian, Lilit"]
[Black "Danielian, Elina"]
[Result "1/2-1/2"]
[WhiteElo "2362"]
[BlackElo "2441"]
[EventDate "2022.08.20"]
[PlyCount "66"]

1.e4 c6 2.d4 d5 3.exd5 cxd5 4.c4 Nf6 5.Nc3 Nc6 6.Nf3 Bg4 7.cxd5 Nxd5 8.Qb3
Bxf3 9.gxf3 e6 10.Qxb7 Nxd4 11.Bb5+ Nxb5 12.Qc6+ Ke7 13.Qxb5 Qd7 14.Nxd5+ 
Qxd5 15.Qxd5 exd5 16.Be3 Ke6 17.O-O-O Bb4 18.a3 Rhc8+ 19.Kb1 Bc5 20.Rhe1 
Bxe3 21.Rxe3+ Kd6 22.Red3 Rc5 23.b4 Rb5 24.Rd4 a5 25.Kb2 axb4 26.axb4 Re8 
27.Kb3 Re2 28.Ka4 Kc6 29.Rg1 g6 30.Rc1+ Kb6 31.Rf1 Kc6 32.Rc1+ Kb6 33.Rf1 
Kc6 1/2-1/2

[Event "22nd EUR-ch (w)"]
[Site "Prague CZE"]
[Date "2022.08.29"]
[Round "9.4"]
[White "Mammadova, Gulnar"]
[Black "Gaponenko, Inna"]
[Result "1/2-1/2"]
[WhiteElo "2380"]
[BlackElo "2339"]
[EventDate "2022.08.20"]
[PlyCount "29"]

1.e4 Nf6 2.e5 Nd5 3.Nc3 Nxc3 4.dxc3 d6 5.Nf3 Nc6 6.Bf4 Bg4 7.h3 Bh5 8.exd6
cxd6 9.Qd5 e5 10.Be3 Be7 11.g4 Bg6 12.Bd3 Bxd3 13.cxd3 Qa5 14.Qb3 O-O 15.
O-O-O 1/2-1/2

[Event "22nd EUR-ch (w)"]
[Site "Prague CZE"]
[Date "2022.08.29"]
[Round "9.5"]
[White "Balajayeva, Khanim"]
[Black "Ushenina, Anna"]
[Result "1/2-1/2"]
[WhiteElo "2344"]
[BlackElo "2423"]
[EventDate "2022.08.20"]
[PlyCount "71"]

1.e4 e5 2.Nf3 Nf6 3.Nxe5 d6 4.Nf3 Nxe4 5.Nc3 Nxc3 6.dxc3 Be7 7.Be3 Nc6 8.
Qd2 Be6 9.O-O-O Qd7 10.h4 h6 11.Nd4 Nxd4 12.Bxd4 Rg8 13.c4 Qa4 14.Kb1 
O-O-O 15.Qc3 Bf8 16.b3 Qa3 17.Be2 c5 18.Be3 Be7 19.Bc1 Qa6 20.Bf3 Bf6 21.
Qd3 Bd4 22.Bb2 Bxf2 23.Be4 d5 24.cxd5 Qxd3 25.Rxd3 f5 26.Bf3 Bf7 27.h5 Bg3
28.Rf1 Bd6 29.Bd1 f4 30.Re1 Kc7 31.Bf3 Rde8 32.Rh1 Ref8 33.Rd2 Be8 34.c4 
Bd7 35.Bc3 Re8 36.Kb2 1/2-1/2

[Event "22nd EUR-ch (w)"]
[Site "Prague CZE"]
[Date "2022.08.29"]
[Round "9.6"]
[White "Beydullayeva, Govhar"]
[Black "Salimova, Nurgyul"]
[Result "1/2-1/2"]
[WhiteElo "2339"]
[BlackElo "2404"]
[EventDate "2022.08.20"]
[PlyCount "53"]

1.d4 d5 2.c4 c6 3.Nf3 Nf6 4.Nc3 e6 5.Bg5 dxc4 6.e4 b5 7.e5 h6 8.Bh4 g5 9.
Nxg5 hxg5 10.Bxg5 Be7 11.exf6 Bxf6 12.Bxf6 Qxf6 13.g3 Na6 14.Bg2 Bb7 15.
Ne4 Qe7 16.O-O O-O-O 17.h4 c5 18.a4 Rxd4 19.Qe2 b4 20.Rad1 Qc7 21.Ng5 Bxg2
22.Kxg2 Qc6+ 23.f3 f6 24.Qxe6+ Qxe6 25.Nxe6 Rxd1 26.Rxd1 b3 27.Rc1 1/2-1/2